Melbourne Tram Routes - Statistics

General Stats
  • This quiz has been taken 1,475 times
    1,117 since last reset
  • The average score is 20 of 37
Answer Stats
Route No. City/North End % Correct
12 St Kilda
84%
96 St Kilda Beach
84%
3/3a, 5, 16, 64, 67, 72 Melbourne University
78%
11, 48 Victoria Harbour Docklands
77%
70, 86 Waterfront City Docklands
77%
109 Box Hill
76%
19, 57, 59 Flinders Street Station
76%
30, 75 Central Pier Docklands
75%
86 Bundoora RMIT
65%
109 Port Melbourne
65%
1 South Melbourne Beach
60%
82 Footscray
59%
16 Kew
58%
19 North Coburg
57%
59 Airport West
56%
5 Malvern
56%
75 Vermont South
54%
96 East Brunswick
53%
58 Toorak
52%
6 Glen Iris
51%
6 Moreland
50%
72 Camberwell
47%
35 City Circle
47%
82 Moonee Ponds
47%
67 Carnegie
45%
3/3a East Malvern
45%
48 North Balwyn
42%
1 East Coburg
40%
58 West Coburg
40%
70 Wattle Park
38%
57 West Maribyrnong
38%
11 West Preston
37%
64 East Brighton
36%
12 Victoria Gardens
35%
78 Balaclava
34%
78 North Richmond
33%
30 St Vincents Plaza
30%
No matching quizzes found
Score Distribution
Percent of People with Each Score
Percentile by Number Answered
Your Score History
You have not taken this quiz since the last reset